000 00816nam a2200205 a 4500
001 000037260
005 20200930080239.0
008 120321s2007 ve 000 0 spa d
020 _a9789803968588
040 _aDO-SdBNP
_bspa
_cBNPHU
082 _axxx
_bD218c
100 1 _aDario, Rubén,
_d1867-1916.
_915535
245 1 0 _aCuarenta y cinco poemas /
_cRubén Darío ; prólogo Ludovico Silva ; selección Oscar Rodríguez Ortiz.
260 _aCaracas, Venezuela :
_bFundación Editorial el Perro y la Rana,
_c2007.
300 _a154 ;
_c21 cm.
490 1 _aBiblioteca popular para los consejos comunales
_aLas artes y los oficios
700 1 2 _aRodríguez Ortiz, Oscar
_epról.
_963679
700 1 2 _aSilva, Ludovico
_963680
830 0 _aBiblioteca popular para los consejos comunales
_pLas artes y los oficios
_963681
999 _c36750
_d36750